| 000 | 00734pam a2200229 a 4500 | ||
|---|---|---|---|
| 001 | 728523 | ||
| 005 | 20250118112555.0 | ||
| 008 | 981015s1999 paua 001 0 eng c | ||
| 020 | _a0803603940 (pbk. : alk. paper) | ||
| 050 | 0 | 0 |
_aR123 _b.G94 1999 |
| 082 | 0 | 0 |
_a610/.1/4 _221 |
| 100 | 1 | _aGylys, Barbara A. | |
| 245 | 1 | 0 |
_aMedical terminology : _ba systems approach / _cBarbara A. Gylys, Mary Ellen Wedding. |
| 250 | _a4th ed. | ||
| 260 |
_aPhiladelphia : _bF.A. Davis, _cc1999. |
||
| 300 |
_axix, 398 p. : _bill. (some col.) ; _c28 cm. + _e2 sound cassettes (analog) |
||
| 500 | _aIncludes indexes. | ||
| 650 | 0 |
_aMedicine _vTerminology. |
|
| 650 | 1 | 2 | _aTerminology. |
| 700 | 1 | _aWedding, Mary Ellen. | |
| 942 |
_2lcc _cBK _e4th ed. _n0 |
||
| 999 |
_c2654 _d2654 |
||